000 00801nam a22002417a 4500
005 20170124110019.0
010 _aA-574300
020 _c250.00
035 _aA-574300
037 _bCen Lib/Ret
040 _aDPL
_bEN
082 _a338.476676
_bRAY
100 _aRay, Subasis
_989083
245 _aHandbook on varnishes paints and lacquers :
_cby Subasis Ray
_bperviously known as upto date paints, pigments & varnish industries /
260 _aDelhi
_bSmall Industry Research Institute
270 _a4/43, Roop Nagar
_bDelhi
_e110007
300 _a268p. :
_c23cm(Hb)
_bill.
490 _a35th Publication on Small Scale Industries
500 _aIncludes index.
650 _aPiant Technology
_989084
650 _aProduction
_99800
942 _2ddc
_cEN
_h338.476676
_mRAY
999 _c127067
_d127067